000 01025cam a2200301 4500
001 L011752932
008 030317n1995 000 0 eng u
020 _a011752932X
035 _a(Sirsi) u121638
050 _a692.2
_c18
110 _aUnited Kingdom
_bDepartment of the Environment
_9982
240 _aApproved Document F
240 _aPart F
245 4 _aThe Building Regulations 1991 : ventilation. Approved Document F
250 _a1995 ed.
260 _aLondon
_bTSO
_c1995
505 _aF1 : means of ventilation
505 _aF2 : condensation in roofs
520 _aComing into effect 1 July 1995. View at www.dclg.gov.uk.
650 _aBUILDING REGULATIONS 1991
650 _aBUILDING REGULATIONS 1991 APPROVED DOCUMENT F (1995 EDITION)
650 _aCONDENSATION
650 _aBUILT ENVIRONMENT-BUILDING ELEMENTS-COMPLETE BUILDING ELEMENTS-ROOFS
650 _aVENTILATION
690 _aBUILT ENVIRONMENT-BUILDING STANDARDS
710 _aUnited Kingdom
_bWelsh Office
_91214
942 _n0
999 _c102689
_d102689